Debates in international political economy (Registro nro. 37529)

Detalles MARC
000 -ENCABEZADO
Número de control [NR] 00801nam a2200241Ia 4500
005 - FECHA Y HORA DE LA ÚLTIMA TRANSACCIÓN
control field 20150319130633.0
008 - DE LONGITUD FIJA DE DATOS DE ELEMENTOS - INFORMACIÓN GENERAL
Elementos de longitud fija [NR] 130821s2012 xxu gr eng
020 ## - NUMERO INTERNACIONAL NORMALIZADO PARA LIBROS [R]
Número Internacional Normalizado del libro [NR] 205060617
020 ## - NUMERO INTERNACIONAL NORMALIZADO PARA LIBROS [R]
Número Internacional Normalizado del libro [NR] 9780205060610
040 ## - FUENTE DE CATALOGACION [NR]
Agencia de catalogación original [NR] CO-BoUCM
Idioma de catalogación [NR] spa
Quien Cataloga Jose A. Gerena (modificó)
Quien Clasifica [Nuevo]
041 00 - CODIGO DE IDIOMA [R]
Código de idioma para texto/pista de sonido o título separado [R] Inglés
100 1# - ASIENTO PRINCIPAL--NOMBRE PERSONAL [NR]
Nombre personal [NR] Oatley, Thomas H.
Fechas asociadas con el nombre [NR] 1962-
ID Autoridad 51327
245 10 - MENCION DE TITULO [NR]
Título [NR] Debates in international political economy
Mención de responsabilidad, etc. [NR] Thomas Oatley.
250 ## - MENCION DE EDICION [NR]
Mención de edición [NR] 2a ed
260 ## - PUBLICACION, DISTRIBUCION, ETC. (PIE DE IMPRENTA) [R]
Lugar de publicación, distribución, etc. [R] Boston (Massachusetts, Estados Unidos)
Nombre del editor, distribuidor, etc. [R] Longman
Fecha de publicación, distribución, etc. [R] 2012
300 ## - DESCRIPCION FISICA [R]
Extensión [R] xiv, 382 páginas
650 07 - ASIENTO SECUNDARIO DE MATERIA - TERMINO TEMATICO [R]
Término temático o nombre geográfico como elemento de entrada [NR] Economía internacional
9 (RLIN) 26482
650 07 - ASIENTO SECUNDARIO DE MATERIA - TERMINO TEMATICO [R]
Término temático o nombre geográfico como elemento de entrada [NR] Finanzas internacionales
9 (RLIN) 15897
650 07 - ASIENTO SECUNDARIO DE MATERIA - TERMINO TEMATICO [R]
Término temático o nombre geográfico como elemento de entrada [NR] Globalización
9 (RLIN) 16458
690 ## - ASUNTO AGREGADO LOCAL DE ENTRADA - TÉRMINO TEMÁTICO (OCLC, RLIN)
9 (RLIN) 42797
Acceso temático local Economía internacional
942 ## - ELEMENTOS DE ENTRADA AGREGADOS (KOHA)
Tipo de ítem principal el descrito en 300a Libro
Tema principal Economía
Edición 2
Parte restante de la signatura top. O119d
Sistema de clasificación DEWEY
Clasificación 337
Existencias
Fecha de último préstamo Total préstamos Total Renewals Signatura topográfica Código de barras Última vez visto Volúmen / Fascículo Ejemplar Price effective from Tipo de ítem Perdido Sistema de clasificación Dañado No prestable Tipo de ítem específico Suprimido Ubicación habitual Ubicación actual Localización Fecha de creación Forma de adquisición Costo Costo de reposición Proveedor
17/04/2017 9 1 337 O119d 100125448 04/12/2025 2a.Ed. Ej.1 03/02/2013 Libro   DEWEY     Libro   Claustro Claustro Mezanine 28/02/2012 Compra 86600.00    
04/04/2017 8 6 337 O119d 100125429 04/12/2025 2a.Ed. Ej.2 03/02/2013 Libro   DEWEY     Libro   Claustro Claustro Mezanine 28/02/2013 Compra 85200.00    
18/04/2017 14 3 337 O119d 100125430 04/12/2025 2a.Ed. Ej.3 03/02/2013 Libro   DEWEY     Libro   Claustro Claustro Mezanine 28/02/2013 Compra 85200.00    
30/08/2017 4 3 337 O119d 100144160 04/12/2025   Ej.2 02/12/2014 Libro   DEWEY     Libro   Claustro Claustro Mezanine 02/12/2014 Compra 83331.00 83331.00 19
09/10/2018 3 1 337 O119d 100144159 04/12/2025   Ej.1 02/12/2014 Libro   DEWEY     Libro   Claustro Claustro Mezanine 02/12/2014 Compra 83331.00 83331.00 19